| 000 | 00649nam a2200217 4500 | ||
|---|---|---|---|
| 001 | 110242 | ||
| 003 | ES-MaACL | ||
| 005 | 20230906185017.0 | ||
| 007 | t| | ||
| 008 | 061121s1967 sp r ||||1| spa d | ||
| 245 | 0 | 0 |
_aOctava de navidad, 1 de enero / _ctraducción de José Alcaraz. |
| 260 |
_aSalamanca : _bSígueme, _c1967. |
||
| 300 |
_a120 p. ; _c19 cm. |
||
| 490 | 1 |
_aPalabra de Dios ; _v14 |
|
| 500 | _aPrecede al Tit : Abadía de Beuron. | ||
| 700 | 1 |
_aAlcaraz, José. _919510 |
|
| 710 | 2 |
_aAbadía de Beuron. _91131 |
|
| 830 | 0 |
_aPalabra de Dios ; _v14 _9182138 |
|
| 852 |
_aES-MaACL _jC-33820 _bR.64811 |
||
| 999 |
_c110242 _d110242 |
||